| 000 | 00785nam a2200229 i 4500 | ||
|---|---|---|---|
| 001 | 38952 | ||
| 003 | ES-MaACL | ||
| 005 | 20230906155846.0 | ||
| 007 | t| | ||
| 008 | 030226s1968 sp ||||1| spa d | ||
| 100 | 1 |
_aCalvo Hernando, Manuel. _933886 |
|
| 245 | 1 | 0 |
_aCiencia española actual / _cManuel Calvo Hernando. |
| 260 |
_a[Madrid] : _bServicio Informativo Español, _c1968. |
||
| 300 |
_a144 p., 16 lám. ; _c21 cm. |
||
| 490 | 1 |
_aDocumentos informativos ; _v16 |
|
| 710 | 1 |
_aEspaña. _bMinisterio de Información y Turismo. _bServicio Informativo Español. _93888 |
|
| 830 | 0 |
_aDocumentos informativos ; _v16 _9182311 |
|
| 852 |
_aES-MaACL _jC-49971 _bR.67292 |
||
| 852 |
_aES-MaACL _jC-48380 _bR.67036 |
||
| 852 |
_aES-MaACL _jC-49970 _bR.67547 |
||
| 999 |
_c38952 _d38952 |
||